书目信息 |
| 题名: |
710分大学英语四级写作指南与范文评注
|
|
| 作者: | 刘瑞琴 , 张红 , 任杰超 主编 ;康建云 , 韩淑芹 , 张宁 , 展伟伟 , 熊小秦 副主编 | |
| 分册: | ||
| 出版信息: | 上海 东华大学出版社 2009.01 |
|
| 页数: | 321页 | |
| 开本: | 21cm | |
| 丛书名: | ||
| 单 册: | ||
| 中图分类: | H315 | |
| 科图分类: | ||
| 主题词: | 英语--写作--高等学校--水平考试--教学参考资料 | |
| 电子资源: | ||
| ISBN: | 978-7-81111-462-1 | |
| 000 | 01448nam0 2200301 450 | |
| 005 | 20100701111204.51 | |
| 010 | @a978-7-81111-462-1@dCNY16.50 | |
| 100 | @a20100515d2009 em y0chiy0110 ea | |
| 101 | 0 | @achi@aeng |
| 102 | @aCN@b310000 | |
| 105 | @ay z 000yy | |
| 200 | 1 | @a710分大学英语四级写作指南与范文评注@A710 fen da xue ying yu si ji xie zuo zhi nan yu fan wen ping zhu@f刘瑞琴, 张红, 任杰超主编@Fliu rui qin,zhang hong,ren jie chao zhu bian@g康建云 … [等] 副主编@Gkang jian yun…[deng]fu zhu bian |
| 210 | @a上海@c东华大学出版社@d2009.01 | |
| 215 | @a321页@d21cm | |
| 304 | @a本书副主编还有:韩淑芹, 张宁, 展伟伟, 熊小秦 | |
| 330 | @a本书共有五章。第一章是写作概述,从宏观上介绍了大学英语四级写作基本要求、评分标准,并对四级考试样卷进行了分析,使考生对大学英语四级作文有个整体的理解和把握。第二和第三章是写作的理论部分,简要系统地介绍了段落和篇章的基本结构和写作基本原则;同时有针对性地分析了四级作文常见体裁和常见错误。第四和五章是实际应用部分,是本书重点。 | |
| 606 | 0 | @a英语@x写作@x高等学校@x水平考试@x教学参考资料 |
| 690 | @aH315@v4 | |
| 701 | 0 | @a刘瑞琴@Aliu rui qin@4主编 |
| 701 | 0 | @a张红@Azhang hong@4主编 |
| 701 | 0 | @a任杰超@Aren jie chao@4主编 |
| 702 | 0 | @a康建云@Akang jian yun@4副主编 |
| 702 | 0 | @a韩淑芹@Ahan shu qin@4副主编 |
| 702 | 0 | @a张宁@Azhang ning@4副主编 |
| 702 | 0 | @a展伟伟@Azhan wei wei@4副主编 |
| 702 | 0 | @a熊小秦@Axiong xiao qin@4副主编 |
| 801 | 0 | @aCN@c20100515 |
| 905 | @dH315@eL660@f3 | |
| 710分大学英语四级写作指南与范文评注/刘瑞琴, 张红, 任杰超主编/康建云 … [等] 副主编.-上海:东华大学出版社,2009.01 |
| 321页;21cm |
| ISBN 978-7-81111-462-1:CNY16.50 |
| 本书共有五章。第一章是写作概述,从宏观上介绍了大学英语四级写作基本要求、评分标准,并对四级考试样卷进行了分析,使考生对大学英语四级作文有个整体的理解和把握。第二和第三章是写作的理论部分,简要系统地介绍了段落和篇章的基本结构和写作基本原则;同时有针对性地分析了四级作文常见体裁和常见错误。第四和五章是实际应用部分,是本书重点。 |
| ● |
| 相关链接 |
|
|
|
正题名:710分大学英语四级写作指南与范文评注
索取号:H315/L660
 
预约/预借
| 序号 | 登录号 | 条形码 | 馆藏地/架位号 | 状态 | 备注 |
| 1 | 989632 | 209896326 | 语言库209/209语言库 37排3列2层/ [索取号:H315/L660] | 在馆 | |
| 2 | 989633 | 209896335 | 语言库209/209语言库 37排3列2层/ [索取号:H315/L660] | 在馆 | |
| 3 | 989634 | 209896344 | 语言库209/209语言库 37排3列2层/ [索取号:H315/L660] | 在馆 |